Recopilacin̤ de jurisprudencia constitucional sobre la cuestin̤ de inconstitucionalidad

Detalles Bibliográficos
Autor principal: Lopez Ulla, Juan Manuel
Autor Corporativo: Espaą. Tribunal Constitucional (coautor)
Formato: Desconocido
Lenguaje:inglés
Publicado: Barcelona : Cedecs, 1999
Materias:
Acceso en línea:Acceso restringido

MARC

LEADER 00000ny a22000003n 4500
005 2011062107057.0
008 091214s1999 sp 000 0 eng d
020 |a 9788495027542 
035 |a 3242 
040 |a BUS  |d vLex 
080 |a 342.565.2 460 094.9 
090 |c 930  |d 930 
100 1 |a Lopez Ulla, Juan Manuel 
245 1 0 |a Recopilacin̤ de jurisprudencia constitucional sobre la cuestin̤ de inconstitucionalidad  |h [Recurso electrn̤ico]  |c Juan Manuel Lp̤ez Ulla 
256 |a Servicio en ln̕ea 
260 |a Barcelona :  |b Cedecs,  |c 1999 
300 |a 626 p. ;  |c 24 cm 
500 |a Indices 
506 1 |a Contenido solo disponible en los productos indicados  |d vLex Global  |d vLex Global (Academic Edition, excluding Law Schools)  |d vLex Global (U.S. Academic Edition, Law Schools)  |d vLex Global (U.S. Academic Edition, excluding Law Schools)  |d vLex Global (Academic Edition, Law Schools) 
650 0 7 |a Constitucional  |2 Tesauro vLex 
650 0 7 |a Procedimiento de la cuestin̤ de inconstitucionalidad  |2 Tesauro vLex 
650 0 7 |a Cuestin̤ de inconstitucionalidad  |2 Tesauro vLex 
710 1 |a Espaą.  |b Tribunal Constitucional  |e coautor 
740 0 |a vLex Libros (Servicios en ln̕ea) 
856 4 0 |u http://vlex.com/source/3242  |z Acceso restringido 
942 |c BOOK